000 00272nam a2200109Ia 4500
008 200302s9999 xx 000 0 und d
100 _aMarc Kushner
245 _aThe future of architecture in 100 buildings
260 _bTed books Publisher
260 _c2015
300 _a157
999 _c6963
_d6963